000 00646nam a2200217 a 4500
001 17063
003 CO-ViMGA
008 141112s2004 ck r 000 u spa d
020 _a9586550567
040 _aCO-ViMGA
_bspa
_cCO-ViMGA
082 0 4 _a616.9362 P515
100 1 _aBlair, Silvia; Correa, Adriana; Madrigal, Beatriz
_924206
245 1 0 _aPlantas antimaláricas
260 _aMedellín (Antioquia),
_cUniversidad de Antioquia,
_c1992
300 _a214.p.
590 _aForma de adquisición : Premio - Mincultura
650 1 4 _aBOTANICA MEDICA
_99060
650 1 4 _aMALARIOTERAPIA
_924207
650 1 4 _aPALUDISMO
_924208
942 _2ddc
_cBK
999 _c26676
_d26676